000 00824nam a22002777a 4500
003 DO-SdBNP
005 20240918151759.0
007 ta
008 240918b2024 dr ||||| |||| 00| 0 spa d
020 _a9789945654509
040 _aDO-SdBNP
_bspa
_cBNPHU
_erda
082 4 _bM826m
_222
100 1 _aMoquete, Ariel,
_eautor
_986375
_4aut.
245 1 0 _aMontecristeña /
_cAriel Moquete
250 _aPrimera edición
264 1 _aSanto Domingo :
_bEditora Santuario,
_c2024.
300 _a222 páginas,
_c24 cm.
336 _atexto
_btxt
_2rdacontent
337 _asin mediación
_bn
_2rdamedia
338 _avolumen
_bnc
_2rdacarrier
500 _aIncluye datos biográficos del autor en la solapa de la cubierta.
590 _aInventariado, 2024/ BT
700 _922617
910 _aBtavárez
942 _2ddc
_cLBS1
999 _c57719
_d57719